000 00884cgm a2200253 4500
001 B3026
008 090401t1987 xxu||||| |||| 00| 0 eng d
035 _a(Sirsi) u53620
041 0 _aeng
050 0 4 _a690.2 $2 18
100 1 _aHollis, Malcolm
245 0 0 _aBuilding surveys
_h[sound recording]
260 _aLondon
_bRICS
_aReading
_bCollege of Easte Management
_c1987
300 _a1
_faudio cassette (ca. 60 min.)
350 _a10
490 0 _aOwlion Audio Programme
520 _aPractical guide to the preparation of and conduct of a building survey which applies to all types of property.
520 _aWithdrawn February 2006
651 4 _aUnited Kingdom
_y
690 _aBuilding surveying
_96225
856 4 8 _uhttps://194.154.180.3/uhtbin/cgisirsi.exe/0/0/0/1/117/X/
_zAudio Visual materials can only be used in the library.
942 _n0
948 _c04/03/1997
999 _c85260
_d85260